Statistics for Fill In The Gap #3

Click here to take the quiz!

General Stats

  • This quiz has been taken 48 times
  • The average score is 7 of 8

Answer Stats

HintAnswer% Correct
Ir___ndEla
100%
Dominican Repub___Lic
100%
New Ze___ndAla
98%
___temalaGua
88%
Monte___roNeg
88%
Guinea-Bi___uSsa
85%
P___Eru
78%
FINAL WORD:Senegal
68%

Score Distribution

Percentile by Number Answered

Percent of People with Each Score

Your Score History

You have not taken this quiz